[Event "36th Rilton Cup"]
[Site "Stockholm SWE"]
[Date "2007.01.05"]
[Round "9.23"]
[White "Semcesen, Daniel"]
[Black "Engman, Rickard"]
[Result "1/2-1/2"]
[WhiteElo "2369"]
[BlackElo "2199"]
[EventDate "2006.12.27"]
[PlyCount "130"]

1.d4 Nf6 2.c4 e6 3.Nf3 b6 4.Nc3 Bb7 5.Bg5 h6 6.Bh4 Be7 7.e3 Ne4 8.Bxe7 
Qxe7 9.Nxe4 Bxe4 10.Nd2 Bb7 11.Be2 Bxg2 12.Rg1 Bb7 13.Bf3 Nc6 14.Rxg7 
O-O-O 15.Qa4 Rdg8 16.Rg3 h5 17.O-O-O h4 18.Rgg1 a5 19.a3 f5 20.Nb3 Rxg1 
21.Rxg1 Qd6 22.Rh1 Nd8 23.c5 bxc5 24.dxc5 Qe5 25.Qd4 Qxd4 26.Nxd4 Rg8 27.
Kd2 Rg5 28.Bxb7+ Nxb7 29.b4 Rg2 30.Ke2 axb4 31.axb4 h3 32.Nf3 Nd8 33.Ng1 
Nc6 34.Nxh3 Nxb4 35.Nf4 Rg8 36.h4 e5 37.Nh5 Nd5 38.Ng3 f4 39.Ne4 fxe3 40.
fxe3 Rg6 41.h5 Rh6 42.Kf3 Kd8 43.Rh3 Ke7 44.Kg4 Nf6+ 45.Nxf6 Kxf6 46.e4 
Kg7 47.Kg5 Rc6 48.Rd3 d6 49.cxd6 cxd6 50.Rb3 Rc1 51.Rb7+ Kg8 52.Rb8+ Kg7 
53.Rb7+ Kg8 54.Rd7 Rg1+ 55.Kf5 Rf1+ 56.Kg6 Rg1+ 57.Kf5 Rf1+ 58.Ke6 Re1 59.
Kd5 Rd1+ 60.Ke6 Re1 61.Rxd6 Rxe4 62.Rd5 Kg7 63.Rxe5 Rxe5+ 64.Kxe5 Kh6 65.
Kf5 Kxh5 1/2-1/2

[Event "36th Rilton Cup"]
[Site "Stockholm SWE"]
[Date "2007.01.05"]
[Round "9.25"]
[White "Jensen, Leif Haugaard"]
[Black "Lindberg, Henrik"]
[Result "1/2-1/2"]
[WhiteElo "2084"]
[BlackElo "2295"]
[EventDate "2006.12.27"]
[PlyCount "66"]

1.e4 c5 2.g3 Nc6 3.Bg2 g6 4.c3 Bg7 5.d3 e5 6.f4 d6 7.Nf3 Nge7 8.Be3 b6 9.
O-O O-O 10.Qc2 exf4 11.Bxf4 h6 12.Nbd2 d5 13.Rfe1 g5 14.Be3 d4 15.cxd4 
cxd4 16.Bf2 Be6 17.a3 Rc8 18.Rac1 Ne5 19.Qb1 Ng4 20.Rxc8 Nxc8 21.Rc1 Ne7 
22.b4 Qd7 23.Qb2 Ne3 24.Nf1 f5 25.Qe2 f4 26.gxf4 gxf4 27.Nxe3 dxe3 28.Be1 
Rc8 29.Rxc8+ Qxc8 30.d4 Qc1 31.Qd3 Bg4 32.Qc3 Qxc3 33.Bxc3 Nc6 1/2-1/2

[Event "36th Rilton Cup"]
[Site "Stockholm SWE"]
[Date "2007.01.05"]
[Round "9.26"]
[White "Eriksson, Jorgen"]
[Black "Hultin, Per"]
[Result "1-0"]
[WhiteElo "2265"]
[BlackElo "2153"]
[EventDate "2006.12.27"]
[PlyCount "38"]

1.d4 d5 2.c4 c6 3.Nf3 Nf6 4.Qc2 e6 5.g3 Nbd7 6.Nbd2 Bd6 7.Bg2 O-O 8.O-O 
Re8 9.Rd1 e5 10.dxe5 Nxe5 11.Nxe5 Rxe5 12.Nf3 Bf5 13.Qb3 dxc4 14.Qxb7 Rb8 
15.Qxc6 Rb6 16.Nxe5 Rxc6 17.Nxc6 Qc7 18.Bf4 Ne8 19.Rxd6 g5 1-0